Welcome to WEB OPAC of MRSPTU Central Library

Financial accounting for BBA (Record no. 5922)

MARC details
000 -LEADER
fixed length control field 00452nam a2200169Ia 4500
008 - FIXED-LENGTH DATA ELEMENTS--GENERAL INFORMATION
fixed length control field 230711s9999||||xx |||||||||||||| ||und||
020 ## - INTERNATIONAL STANDARD BOOK NUMBER
International Standard Book Number 978-93259-5618-6
041 ## - LANGUAGE CODE
Language code of text/sound track or separate title ENG
082 ## - DEWEY DECIMAL CLASSIFICATION NUMBER
Classification number 658.1511
Item number MA-F
100 ## - MAIN ENTRY--PERSONAL NAME
Personal name Maheshwari,S N
245 #0 - TITLE STATEMENT
Title Financial accounting for BBA
250 ## - EDITION STATEMENT
Edition statement 5th Ed.
260 ## - PUBLICATION, DISTRIBUTION, ETC.
Date of publication, distribution, etc. 2012
Place of publication, distribution, etc. New Delhi
Name of publisher, distributor, etc. Vikas Publishing House Pvt Ltd.
650 ## - SUBJECT ADDED ENTRY--TOPICAL TERM
Topical term or geographic name entry element UNIVESITY BUSNIESS SCHOOL
700 ## - ADDED ENTRY--PERSONAL NAME
Personal name Maheshwari,Sharad K
942 ## - ADDED ENTRY ELEMENTS (KOHA)
Koha item type Book
Holdings
Withdrawn status Lost status Damaged status Not for loan Collection Home library Current library Date acquired Cost, normal purchase price Inventory number Total checkouts Full call number Barcode Date last seen Date last checked out Price effective from Koha item type Date due
          MRSPTU Central Library MRSPTU Central Library   425.00 842483 1 658.1511 MA-F 31964 11/07/2025 11/07/2025 08/17/2023 Book  
          MRSPTU Central Library MRSPTU Central Library   425.00 842483 12 658.1511 MA-F 31965 12/02/2025 11/07/2025 08/17/2023 Book  
          MRSPTU Central Library MRSPTU Central Library   425.00 842483 8 658.1511 MA-F 31966 12/16/2024 11/25/2024 08/17/2023 Book  
          MRSPTU Central Library MRSPTU Central Library       6 658.1511 MA-F 37743 06/09/2025 04/28/2025 08/17/2023 Book  
          MRSPTU Central Library MRSPTU Central Library       5 658.1511 MA-F 37744 07/07/2025 07/07/2025 08/17/2023 Book 07/28/2025
          MRSPTU Central Library MRSPTU Central Library         658.1511 MA-F 37745 08/17/2023   08/17/2023 Book  

Website Designed and Developed by MRSPTU Central Library Team

E-mail Id: librarian@mrsptu.ac.in